Microeconomics (Record no. 1)
[ view plain ]
| 000 -LEADER | |
|---|---|
| fixed length control field | 00548 a2200229 4500 |
| 001 - CONTROL NUMBER | |
| control field | 000026 |
| 003 - CONTROL NUMBER IDENTIFIER | |
| control field | OSt |
| 005 - DATE AND TIME OF LATEST TRANSACTION | |
| control field | 20251204121354.0 |
| 008 - FIXED-LENGTH DATA ELEMENTS--GENERAL INFORMATION | |
| fixed length control field | |
| 020 ## - INTERNATIONAL STANDARD BOOK NUMBER | |
| International Standard Book Number | 8131725995 |
| 040 ## - CATALOGING SOURCE | |
| Transcribing agency | CURAJ |
| 082 ## - DEWEY DECIMAL CLASSIFICATION NUMBER | |
| Classification number | 338.5 |
| Item number | P65M |
| 100 1# - MAIN ENTRY--PERSONAL NAME | |
| Personal name | Pindyck, R.S. |
| 245 1# - TITLE STATEMENT | |
| Title | Microeconomics |
| Statement of responsibility, etc | by R.S. Pindyck, D.L. Rubinfeld and P.L. Mehta |
| 250 ## - EDITION STATEMENT | |
| Edition statement | 7te ed. |
| 260 ## - PUBLICATION, DISTRIBUTION, ETC. (IMPRINT) | |
| Place of publication, distribution, etc | Delhi |
| Name of publisher, distributor, etc | Pearson |
| Date of publication, distribution, etc | 2009 |
| 300 ## - PHYSICAL DESCRIPTION | |
| Extent | 674p. |
| 690 ## - LOCAL SUBJECT ADDED ENTRY--TOPICAL TERM (OCLC, RLIN) | |
| Topical term or geographic name as entry element | Microeconomics |
| 700 ## - ADDED ENTRY--PERSONAL NAME | |
| Personal name | Rubinfeld, D.L. |
| 700 ## - ADDED ENTRY--PERSONAL NAME | |
| Personal name | Mehta, P.L. |
| 942 ## - ADDED ENTRY ELEMENTS (KOHA) | |
| Source of classification or shelving scheme | Dewey Decimal Classification |
| Koha item type | Books |
| Withdrawn status | Lost status | Source of classification or shelving scheme | Damaged status | Not for loan | Collection code | Home library | Current library | Date acquired | Source of acquisition | Cost, normal purchase price | Inventory number(Invoice/Date) | Total Checkouts | Full call number | Barcode | Date last seen | Date checked out | Price effective from | Koha item type |
|---|---|---|---|---|---|---|---|---|---|---|---|---|---|---|---|---|---|---|
| Dewey Decimal Classification | General Text Book | Central University Of Rajasthan | Central University Of Rajasthan | 28/09/2010 | ECO | 399.00 | 13164/4.9.2009 | 5 | 338.5 P65M | 19 | 21/11/2024 | 01/02/2023 | 02/09/2020 | Books |
